El contrato colectivo de trabajo: su negociación, revisión, principios y prácticas
Saved in:
| Hovedforfatter: | |
|---|---|
| Format: | Bog |
| Sprog: | spansk |
| Udgivet: |
Ciudad de México
Letras
1958
|
| Fag: | |
| Tags: |
Tilføj Tag
Ingen Tags, Vær først til at tagge denne postø!
|
MARC
| LEADER | 00000nam a2200000 a 4500 | ||
|---|---|---|---|
| 001 | UCV1608 | ||
| 003 | CL-VaPUC | ||
| 008 | 900903e19580000MX |||||||||||||||||spa|d | ||
| 082 | 0 | 4 | |a 344.018 |b RAN |2 21 |
| 100 | 0 | |a Randle, C. Wilson |e author |9 295898 | |
| 245 | 1 | 3 | |a El contrato colectivo de trabajo: su negociación, revisión, principios y prácticas |
| 300 | |a 709 p | ||
| 942 | |c BK | ||
| 945 | |d 19900903 00:00:00 | ||
| 260 | |a Ciudad de México |b Letras |c 1958 | ||
| 650 | 0 | |a Contratos de trabajo |9 254966 | |
| 650 | 7 | |a NEGOCIACIONES COLECTIVAS DE TRABAJO |2 CL-VaPUC |9 255583 | |
| 651 | 0 | |a Estados Unidos |9 255178 | |
| 583 | |a last modification |c 19900903 00:00:00 |k Rodrigo Vera | ||
| 999 | |c 209529 |d 209527 | ||
| 952 | |0 0 |1 0 |4 0 |6 344_018000000000000_RAN_1958 |7 0 |8 A |9 184978 |a BIBDER |b BIBDER |d 2019-11-14 |i 2523035 |o 344.018 RAN 1958 |p 2523035 |r 2023-01-25 |w 2019-11-14 |y BK |k DER | ||